| 000 | 00563nam a2200181 i 4500 | ||
|---|---|---|---|
| 001 | 146056 | ||
| 003 | ES-MaACL | ||
| 005 | 20250319063309.0 | ||
| 007 | t| | ||
| 008 | 071018s1970 sp ||||1| spa d | ||
| 100 |
_aVelarde Fuertes, Juan, _9236903 _d1927-2023 |
||
| 245 | 1 | 0 |
_aEspaña ante la socialización económica _b: una primera aproximación / _cJuan Velarde Fuertes. |
| 260 |
_a[Algorta (Vizcaya) : _bZero, _c1970] |
||
| 300 |
_a167 p. ; _c20 cm. |
||
| 852 |
_aES-MaACL _jC-48545 _bR.73816 |
||
| 942 | _2udc | ||
| 999 |
_c146056 _d146056 |
||